[Event "FIDE World Rapid Team"]
[Site "Almaty KAZ"]
[Date "2024.08.02"]
[Round "4.20"]
[White "Isaev, Anton"]
[Black "Savitskiy, Vladimir"]
[Result "1-0"]
[WhiteElo "2156"]
[BlackElo "1893"]
[WhiteTeam "Storm of Dragons"]
[BlackTeam "KRG-Team"]
[WhiteFideId "24185132"]
[BlackFideId "13739999"]
[EventDate "2024.08.02"]

1. e4 c5 2. Nf3 a6 3. c4 Nc6 4. d4 cxd4 5. Nxd4 e5 6. Nf5 d5 7. cxd5 Bxf5 8.
exf5 Nd4 9. Nc3 Nf6 10. Bg5 Be7 11. Bxf6 Bxf6 12. Bd3 g6 13. fxg6 hxg6 14. g3
Kf8 15. h4 b5 16. a3 Rc8 17. Be4 Bg7 18. Bg2 a5 19. O-O g5 20. h5 Rh6 21. Ne2
Nf5 22. Bh3 Nd6 23. Bxc8 Qxc8 24. Kg2 e4 25. Rc1 Qf5 26. Nd4 Bxd4 27. Qe2 g4 28.
Rcd1 Bxb2 29. Rh1 Qf3+ 30. Qxf3 exf3+ 31. Kf1 Bxa3 32. Rh4 b4 33. Rxg4 Rxh5 34.
Kg1 Rf5 35. Rh4 Ke7 36. Rh8 b3 37. Ra8 Bb4 38. Rb1 Rxd5 39. Rxb3 Rf5 40. Ra7+
Ke6 41. Ra6 Kd7 42. Kh2 Rf6 43. Kh3 Kc7 44. Kg4 Rg6+ 45. Kxf3 Rg5 46. Ra8 Kb6
47. Rd8 Kc5 48. Rd7 Rd5 49. Rc7+ Kb5 50. Rb1 Rf5+ 51. Ke2 Ne4 52. g4 Re5 53. Kd3
Nxf2+ 54. Kd4 Re2 55. g5 Nh3 56. Rxf7 Ka4 57. g6 Rg2 58. g7 Rg3 59. Ra1+ Kb3 60.
Rf3+ Rxf3 61. g8=Q+ Kb2 62. Qa2# 1-0

[Event "FIDE World Rapid Team"]
[Site "Almaty KAZ"]
[Date "2024.08.02"]
[Round "4.21"]
[White "Kazhiakhmetova, Yerkenaz"]
[Black "Dosmukhambetov, Arystan"]
[Result "0-1"]
[WhiteElo "1602"]
[BlackElo "1976"]
[WhiteTeam "KRG-Team"]
[BlackTeam "Storm of Dragons"]
[WhiteFideId "13777610"]
[BlackFideId "13742418"]
[EventDate "2024.08.02"]

1. d4 f5 2. g3 Nf6 3. Bg2 e6 4. c4 g6 5. Nc3 Bg7 6. Nf3 O-O 7. O-O d6 8. Re1 Ne4
9. Qb3 Nxc3 10. bxc3 e5 11. c5+ Kh8 12. Ng5 dxc5 13. Nf7+ Rxf7 14. Qxf7 Qd7 15.
Qxd7 Nxd7 16. dxe5 Bxe5 17. Bd2 c6 18. Rac1 Kg7 19. e4 fxe4 20. Rxe4 Bf6 21. c4
Nb6 22. Bc3 Kf7 23. Rf4 Bf5 24. g4 Bg5 25. Rf3 Bxc1 26. gxf5 g5 27. Bf1 g4 28.
Rd3 Bg5 29. Rd1 Rd8 30. Rb1 Rd7 31. Be2 h5 32. h3 Bf6 33. Ba5 Nc8 34. hxg4 hxg4
35. Bxg4 Nd6 36. Rd1 Bd4 37. Rc1 Kf6 38. Bd2 Rg7 0-1

[Event "FIDE World Rapid Team"]
[Site "Almaty KAZ"]
[Date "2024.08.02"]
[Round "4.22"]
[White "Akhmet, Suleyman"]
[Black "Magzumov, Damirali"]
[Result "1-0"]
[WhiteElo "1730"]
[BlackElo "1756"]
[WhiteTeam "Storm of Dragons"]
[BlackTeam "KRG-Team"]
[WhiteFideId "13752111"]
[BlackFideId "13727117"]
[EventDate "2024.08.02"]

1. d4 Nf6 2. c4 e6 3. Nc3 Bb4 4. e3 O-O 5. Bd2 d5 6. cxd5 exd5 7. Nf3 Bf5 8. Be2
h6 9. O-O Nbd7 10. Qb3 Bxc3 11. Bxc3 Rb8 12. Rac1 Re8 13. Qa3 Ra8 14. Bb5 c6 15.
Be2 Ne4 16. Bb4 Bh7 17. Qa5 Nb6 18. Ne5 f6 19. Nd3 Qd7 20. Nc5 Nxc5 21. Qxc5 Na4
22. Qa5 Nxb2 23. Qa3 Nc4 24. Bxc4 dxc4 25. Rxc4 Be4 26. Bd6 Rad8 27. Bf4 Bxg2
28. Kxg2 Qd5+ 29. Kg1 Qxc4 30. Qxa7 b5 31. a3 Ra8 32. Qd7 Qe6 33. Qd6 Ra4 34.
Rc1 Rc4 35. Rb1 Qxd6 36. Bxd6 Ra8 37. Kg2 Kf7 38. Kf3 Ke6 39. Bb4 f5 40. Ke2 Kd5
41. Kd3 Re8 42. f3 g5 43. Rg1 Ra8 44. h4 Rg8 45. Rg2 g4 46. e4+ Ke6 47. exf5+
Kxf5 48. fxg4+ Rxg4 49. Rf2+ Rf4 50. Rxf4+ Kxf4 51. Bd2+ Kg4 52. Bxh6 Kxh4 53.
Bf8 Kg4 54. Ke4 Kg3 55. Ke5 Kf3 56. Bc5 Ke2 57. Kd6 Rc1 58. Kxc6 Kd3 59. d5 Ke4
60. d6 Ke5 61. d7 Ke6 62. d8=Q 1-0

[Event "FIDE World Rapid Team"]
[Site "Almaty KAZ"]
[Date "2024.08.02"]
[Round "4.23"]
[White "Amangeldinov, Alkey"]
[Black "Kim, Kristina"]
[Result "0-1"]
[BlackTitle "WCM"]
[WhiteElo "1721"]
[BlackElo "1943"]
[WhiteTeam "KRG-Team"]
[BlackTeam "Storm of Dragons"]
[WhiteFideId "13770268"]
[BlackFideId "13712438"]
[EventDate "2024.08.02"]

1. d4 f5 2. c4 Nf6 3. Nf3 g6 4. g3 Bg7 5. Bg2 d6 6. O-O O-O 7. Nc3 c6 8. Re1 Ne4
9. Qd3 Nxc3 10. Qxc3 c5 11. Qd3 Nc6 12. d5 Ne5 13. Nxe5 dxe5 14. Bd2 e4 15. Qc2
Qd6 16. Bc3 Bd7 17. e3 Rab8 18. Bxg7 Kxg7 19. Bf1 Qe5 20. Rab1 h5 21. Qc3 Qxc3
22. bxc3 Kf6 23. Rb2 Ke5 24. Reb1 b6 25. a4 h4 26. a5 hxg3 27. hxg3 Rf6 28. Be2
Rd6 29. f3 exf3 30. Bxf3 g5 31. Kf2 Rh6 32. Bg2 e6 33. axb6 axb6 34. Rxb6 Ra8
35. R1b2 Ra3 36. R6b3 Ra4 37. Rb7 Bc8 38. Rc7 Ba6 39. Rb6 Bxc4 40. Rxc5 Ra2+ 41.
Kg1 Ra1+ 42. Kf2 Ra2+ 43. Kg1 Rxg2+ 44. Kxg2 Bxd5+ 45. Kf2 Rh2+ 46. Kg1 Rc2 47.
c4 Rxc4 48. Rxc4 Bxc4 49. Kf2 Bd5 50. Rb4 Be4 51. Ke2 Kd5 52. Rb5+ Kc4 53. Re5
Bd5 54. Kf2 g4 55. e4 Kd4 56. exd5 Kxe5 57. dxe6 Kxe6 58. Ke2 Kd5 59. Kd3 Ke5
60. Ke3 Kf6 61. Kd4 Ke6 62. Kd3 Kd5 63. Ke3 Ke5 64. Kd3 f4 65. gxf4+ Kxf4 66.
Ke2 Kg3 67. Kf1 Kh2 0-1

[Event "FIDE World Rapid Team"]
[Site "Almaty KAZ"]
[Date "2024.08.02"]
[Round "4.24"]
[White "Kertaev, Natan"]
[Black "Zharkenova, Safiya"]
[Result "1-0"]
[WhiteElo "1828"]
[BlackElo "1424"]
[WhiteTeam "Storm of Dragons"]
[BlackTeam "KRG-Team"]
[WhiteFideId "13711555"]
[BlackFideId "13748890"]
[EventDate "2024.08.02"]

1. d4 d5 2. c4 e6 3. Nc3 Nf6 4. Bg5 Be7 5. e3 c6 6. Nf3 O-O 7. Bd3 h6 8. Bxf6
Bxf6 9. Rc1 Re8 10. O-O Nd7 11. e4 dxe4 12. Nxe4 e5 13. Nxf6+ Qxf6 14. Re1 Re6
15. Qd2 exd4 16. Rxe6 fxe6 17. Nxd4 c5 18. Nb5 Ne5 19. Be4 a6 20. Nc7 Rb8 21.
Qd6 Bd7 22. Nd5 exd5 23. Qxb8+ Qf8 24. Bxd5+ Nf7 25. Bxf7+ Kxf7 26. Qxf8+ Kxf8
27. f4 Be6 28. Kf2 Ke7 29. Ke3 Kf6 30. a3 Kf5 31. h3 h5 32. g4+ hxg4 33. hxg4+
Kxg4 34. Rg1+ Kf5 35. Rxg7 Bxc4 36. Rxb7 Bd5 37. Rc7 c4 38. Rc5 Ke6 39. f5+ Kd6
40. Rxd5+ Kxd5 41. f6 Ke6 42. Kd4 Kxf6 43. Kxc4 Ke6 44. Kc5 Kd7 45. Kb6 a5 46.
Kxa5 1-0

[Event "FIDE World Rapid Team"]
[Site "Almaty KAZ"]
[Date "2024.08.02"]
[Round "4.25"]
[White "Beristenov, Kair"]
[Black "Bulatov, Ramil"]
[Result "1-0"]
[WhiteElo "1995"]
[BlackElo "2137"]
[WhiteTeam "Future GM"]
[BlackTeam "Chess Dream"]
[WhiteFideId "13777831"]
[BlackFideId "4166140"]
[EventDate "2024.08.02"]

1. e4 e6 2. d4 d5 3. Nc3 Nf6 4. Bg5 dxe4 5. Nxe4 Be7 6. Nxf6+ Bxf6 7. Bxf6 Qxf6
8. c3 O-O 9. Nf3 b6 10. Bd3 Bb7 11. Qc2 g6 12. Be4 Bd5 13. c4 Bxe4 14. Qxe4 c6
15. Ne5 Qf5 16. Qxf5 exf5 17. O-O-O f6 18. Nd3 Nd7 19. Rhe1 Rfe8 20. f3 Kf7 21.
Kd2 c5 22. dxc5 Nxc5 23. Nxc5 bxc5 24. Rxe8 Rxe8 25. Re1 Rd8+ 26. Kc3 a5 27. b3
g5 28. a3 g4 29. f4 Rd4 30. b4 axb4+ 31. axb4 Rxf4 32. bxc5 Re4 33. Rd1 f4 34.
c6 Re6 35. c7 Rc6 36. Rd7+ Kg6 37. Kb4 f3 38. gxf3 gxf3 39. Rd3 Kg5 40. Rxf3 f5
41. Kb5 Rxc7 42. c5 f4 43. Kb6 Rf7 44. c6 Kg4 45. Rf2 f3 46. c7 Rf8 47. Rd2 Rc8
48. Rd8 Rxc7 49. Kxc7 Kh3 50. Rf8 Kg2 51. Kd6 f2 52. Ke5 Kxh2 53. Rxf2+ Kg3 54.
Rf5 Kg4 55. Rf4+ 1-0

[Event "FIDE World Rapid Team"]
[Site "Almaty KAZ"]
[Date "2024.08.02"]
[Round "4.26"]
[White "Ishmukhamedov, Akhmet"]
[Black "Borumbayev, Adil"]
[Result "0-1"]
[WhiteElo "1978"]
[BlackElo "1848"]
[WhiteTeam "Chess Dream"]
[BlackTeam "Future GM"]
[WhiteFideId "13701916"]
[BlackFideId "13747932"]
[EventDate "2024.08.02"]

1. Nf3 Nf6 2. g3 g6 3. Bg2 Bg7 4. O-O O-O 5. d3 d5 6. Re1 c5 7. c3 Nc6 8. Nbd2
e5 9. e4 dxe4 10. Nxe4 Nxe4 11. dxe4 Qe7 12. Bg5 f6 13. Be3 Be6 14. Qe2 b6 15.
b3 Rfd8 16. h3 c4 17. b4 Rd3 18. Rec1 Qd7 19. Kh2 Rd8 20. Ne1 Rd6 21. a4 f5 22.
a5 b5 23. f3 f4 24. gxf4 exf4 25. Bxf4 Be5 26. Bxe5 Nxe5 27. Rc2 Qf7 28. Qe3 Nd3
29. Nxd3 Rxd3 30. Qg5 Qc7+ 31. Qg3 Qg7 32. Rac1 h5 33. h4 Kh7 34. Qg5 Qc7+ 35.
Qg3 Qe7 36. Qg5 Qc7+ 37. Qg3 Qf7 38. Qg5 R8d7 39. Re1 Qg7 40. f4 Rxc3 41. Rxc3
Qxc3 42. Rf1 Bg4 43. f5 Qe5+ 44. Rf4 gxf5 45. Kg1 Rg7 46. Rxg4 Qd4+ 47. Kh2 Rxg5
48. Rxg5 fxe4 49. Rxh5+ Kg6 50. Rg5+ Kf6 51. Rg4 Qe5+ 52. Kg1 e3 53. Kf1 c3 54.
Re4 Qg3 55. Ke2 Qf2+ 56. Kd3 Qd2# 0-1

[Event "FIDE World Rapid Team"]
[Site "Almaty KAZ"]
[Date "2024.08.02"]
[Round "4.27"]
[White "Zeynyshev, Elnur"]
[Black "Lysakov, Anton"]
[Result "1-0"]
[WhiteElo "1812"]
[BlackElo "1947"]
[WhiteTeam "Future GM"]
[BlackTeam "Chess Dream"]
[WhiteFideId "13719386"]
[BlackFideId "4193750"]
[EventDate "2024.08.02"]

1. e4 e6 2. d3 d5 3. Nd2 Nc6 4. Ngf3 Nf6 5. g3 dxe4 6. dxe4 e5 7. Bg2 Bc5 8. O-O
O-O 9. c3 a5 10. Qc2 Qe7 11. Nc4 b5 12. Ne3 Rd8 13. Nh4 Ba6 14. Nd5 Qd7 15.
Nxf6+ gxf6 16. Nf5 Qd3 17. Qb3 Rd7 18. a4 b4 19. Bh6 Bc4 20. Qd1 bxc3 21. Qg4+ 1-0

[Event "FIDE World Rapid Team"]
[Site "Almaty KAZ"]
[Date "2024.08.02"]
[Round "4.28"]
[White "Kaipbayev, Aday"]
[Black "Karepov, Ilya"]
[Result "0-1"]
[WhiteElo "1711"]
[BlackElo "1719"]
[WhiteTeam "Chess Dream"]
[BlackTeam "Future GM"]
[WhiteFideId "379104995"]
[BlackFideId "13728938"]
[EventDate "2024.08.02"]

1. c4 Nf6 2. b3 g6 3. Bb2 Bg7 4. d3 O-O 5. Nd2 c5 6. Ngf3 Nc6 7. a3 d6 8. h3 Qc7
9. e3 b6 10. Be2 Bb7 11. O-O e5 12. Qc2 Rfe8 13. Ne4 Rad8 14. Nfd2 d5 15. Nxf6+
Bxf6 16. cxd5 Rxd5 17. Ne4 Bg7 18. Rfd1 Rdd8 19. Rac1 Qe7 20. Bf3 Na5 21. Bc3
Nc6 22. Qb2 Rd7 23. Rd2 Red8 24. Rcd1 h6 25. b4 f5 26. Ng3 Qe6 27. bxc5 bxc5 28.
Rc1 Ba6 29. Bxc6 Qxc6 30. d4 Bb7 31. f3 exd4 32. exd4 cxd4 33. Ba5 Qd6 34. Bxd8
Qxg3 35. Ba5 Kh7 36. Rd3 Ba6 37. Be1 Qg5 38. Rb3 Be5 39. h4 Qe7 40. Qd2 Qd6 41.
Rcb1 h5 42. a4 Bh2+ 43. Kh1 Bf4 44. Qb4 Qf6 45. a5 Bc7 46. Qc5 d3 47. Qe3 Qd6
48. g3 d2 49. Qe8 Re7 0-1

[Event "FIDE World Rapid Team"]
[Site "Almaty KAZ"]
[Date "2024.08.02"]
[Round "4.29"]
[White "Nauanova Zhaniya"]
[Black "Minnekhanov, Eldar"]
[Result "1-0"]
[WhiteElo "1835"]
[BlackElo "1750"]
[WhiteTeam "Future GM"]
[BlackTeam "Chess Dream"]
[WhiteFideId "13780956"]
[BlackFideId "13705660"]
[EventDate "2024.08.02"]

1. c4 e5 2. Nc3 Bb4 3. Nd5 Bc5 4. g3 c6 5. Nc3 d5 6. cxd5 cxd5 7. Bg2 Nf6 8. d3
O-O 9. Nf3 Re8 10. O-O Nc6 11. Bg5 Be6 12. Nd2 Be7 13. Nb3 Rc8 14. Rc1 b6 15. f4
Ng4 16. Bxe7 Nxe7 17. fxe5 Ne3 18. Qd2 Nxf1 19. Rxf1 Qd7 20. Nd4 Bh3 21. Qf4 Rf8
22. Bxh3 Qxh3 23. Ndb5 Ng6 24. Qe3 Qe6 25. d4 a6 26. Nd6 Rc6 27. Qf3 Ne7 28. Qf2
Rxd6 29. exd6 Qxd6 30. Qf4 Qe6 31. Qf3 f6 32. Kg2 Nc6 33. e3 Rd8 34. Re1 Nxd4
35. Qd1 Nf5 36. e4 Nd6 37. exd5 Qf5 38. Qd4 Nf7 39. Qxb6 Qc2+ 40. Re2 Qd3 41.
Qe6 h6 42. Qe7 Rc8 43. Qe6 Rb8 44. Na4 Kh7 45. Nc5 Qc4 46. Nd7 Ne5 47. Qf5+ Kh8
48. Rd2 Rd8 49. Nxe5 fxe5 50. Qxe5 Qb4 51. Re2 Qb5 52. Rd2 Rf8 53. Qe2 Qd7 54.
b3 Re8 55. Qf2 Re5 56. Qf3 Rf5 57. Qe4 Rf6 58. Re2 Qd6 59. Qe5 Qb6 60. Qe8+ Kh7
61. Qe4+ Kg8 62. Rc2 Kf7 1-0

[Event "FIDE World Rapid Team"]
[Site "Almaty KAZ"]
[Date "2024.08.02"]
[Round "4.30"]
[White "Bozhgulova, Zaynabkhan"]
[Black "Omar, Temirlan"]
[Result "1-0"]
[WhiteElo "1605"]
[BlackElo "1874"]
[WhiteTeam "Chess Dream"]
[BlackTeam "Future GM"]
[WhiteFideId "13727443"]
[BlackFideId "13723960"]
[EventDate "2024.08.02"]

1. b3 Nf6 2. Bb2 d5 3. e3 e6 4. Nf3 Be7 5. Be2 O-O 6. O-O b6 7. d4 Bb7 8. c4 c5
9. Nc3 Nbd7 10. Rc1 Rc8 11. Ne5 Qc7 12. f4 Ne4 13. Nb5 Qd8 14. Bf3 f6 15. Nxd7
Qxd7 16. a3 a6 17. Nc3 Nxc3 18. Bxc3 cxd4 19. Bxd4 Bxa3 20. Rb1 Bc5 21. Bxc5
Rxc5 22. cxd5 exd5 23. Qd4 Qe6 24. Rfe1 Re8 25. Rbd1 a5 26. h3 Rb5 27. Rd3 Rb4
28. Qa1 Rd8 29. Qd1 b5 30. Rd4 Rxd4 31. Qxd4 Ra8 32. Qc5 Qc6 33. Qxc6 Bxc6 34.
Rc1 Bb7 35. Rc7 a4 36. bxa4 bxa4 37. Rxb7 Ra5 38. Rd7 a3 39. Bxd5+ Kf8 40. Ba2
Rc5 41. Rd3 Ra5 42. Kf2 Ke7 43. e4 h5 44. g4 hxg4 45. hxg4 g6 46. Ke3 Ra4 47.
Rb3 Ra6 48. f5 gxf5 49. gxf5 Kd6 50. Rb7 Rc6 51. Rb3 Ra6 52. Rd3+ Ke7 53. Kf4
Ra4 54. Rb3 Ra6 55. Rb7+ Kd6 56. Rh7 Rb6 57. Ra7 Rb2 58. Rxa3 Rf2+ 59. Ke3 Rh2
60. Ra6+ Ke7 61. Re6+ Kf7 62. Bd5 Rh3+ 63. Kd4 Rh4 64. Rd6+ Ke7 65. Re6+ Kf7 66.
Kc5 Rh2 67. Kd6 Kg7 68. Re7+ Kf8 69. Rf7+ Ke8 70. Rxf6 Rd2 71. e5 Rd1 72. Rg6 1-0

[Event "FIDE World Rapid Team"]
[Site "Almaty KAZ"]
[Date "2024.08.02"]
[Round "4.31"]
[White "Shonazarov, Orash"]
[Black "Balguzhinov, Bakhyt"]
[Result "0-1"]
[WhiteTitle "FM"]
[WhiteElo "2277"]
[BlackElo "2155"]
[WhiteTeam "Chess Empire"]
[BlackTeam "Chessacademy_pvl"]
[WhiteFideId "13737910"]
[BlackFideId "13703854"]
[EventDate "2024.08.02"]

1. e4 e5 2. Nf3 Nc6 3. Bb5 a6 4. Ba4 Nf6 5. O-O b5 6. Bb3 Be7 7. d4 d6 8. c3 O-O
9. Re1 Bg4 10. d5 Nb8 11. h3 Bc8 12. a4 Bb7 13. c4 bxc4 14. Bxc4 c6 15. dxc6
Nxc6 16. Bg5 Nb4 17. Nc3 h6 18. Bxf6 Bxf6 19. a5 Rb8 20. Re2 Qc7 21. b3 Rfd8 22.
Rd2 g6 23. h4 Bc8 24. g3 Kg7 25. Nh2 h5 26. Nf1 Bg4 27. Qe1 g5 28. hxg5 Bxg5 29.
Ne3 Rh8 30. Kg2 Qc5 31. Ncd5 Nc6 32. f4 Bh6 33. Nxg4 hxg4 34. Qd1 exf4 35. gxf4
Rbg8 36. Qc2 Bxf4 37. Nxf4 Qe3 38. Rf2 g3 39. Nh5+ Rxh5 40. Rxf7+ Kh8 41. Rh1
Rxh1 42. Kxh1 g2+ 0-1

[Event "FIDE World Rapid Team"]
[Site "Almaty KAZ"]
[Date "2024.08.02"]
[Round "4.32"]
[White "Prokoptsov, Mikhail"]
[Black "Nurgalimov, Chingis"]
[Result "0-1"]
[WhiteElo "1702"]
[BlackElo "2035"]
[WhiteTeam "Chessacademy_pvl"]
[BlackTeam "Chess Empire"]
[WhiteFideId "447005122"]
[BlackFideId "4194292"]
[EventDate "2024.08.02"]

1. e4 c5 2. Nf3 e6 3. d4 cxd4 4. Nxd4 a6 5. Nc3 b5 6. a3 Bb7 7. Be3 Nc6 8. Be2
d6 9. O-O Nf6 10. f3 Be7 11. Qe1 O-O 12. Rd1 Rc8 13. Nxc6 Bxc6 14. Qg3 Kh8 15.
Kh1 Qc7 16. Rd2 Qb7 17. Bd3 b4 18. axb4 Qxb4 19. Bxa6 Ra8 20. Bd3 Qxb2 21. Nd1
Qb4 22. h3 Rfc8 23. Qf2 Bb7 24. Qe2 Nd7 25. Nf2 Ne5 26. f4 Nc4 27. Rdd1 Nxe3 28.
Qxe3 Qc5 29. Qe2 Ra2 30. Ng4 Bf8 31. f5 e5 32. Rb1 Ba8 33. Qe1 Qd4 34. Qh4 Ra7
35. Rbe1 f6 36. Nf2 d5 37. Qh5 Bb4 38. Re2 Qc5 39. Qh4 Bc3 40. exd5 Bxd5 41. Ne4
Qc6 42. Qg3 Ra4 43. Nf2 e4 44. Bxe4 Bxe4 45. Qe3 Bxg2+ 46. Kg1 Bxf1 47. Kxf1 Be5
48. Qb3 Ra1+ 49. Re1 Rxe1+ 50. Kxe1 Qc3+ 51. Kf1 Qxb3 52. cxb3 Rb8 53. Nd3 Rxb3
54. Nc5 Rxh3 55. Ne6 Rh2 56. Kg1 Ra2 57. Nd8 g6 58. fxg6 hxg6 59. Kf1 g5 60. Kg1
Kg8 61. Nc6 Kf7 62. Nb4 Ra3 63. Nc2 Rc3 64. Nb4 Ke6 65. Na6 Bd6 66. Kf1 Ra3 67.
Kg1 Rxa6 68. Kf1 Ra2 69. Kg1 Ke5 70. Kf1 Ke4 71. Kg1 Kf3 72. Kh1 Kg3 73. Kg1
Ra1# 0-1

[Event "FIDE World Rapid Team"]
[Site "Almaty KAZ"]
[Date "2024.08.02"]
[Round "4.33"]
[White "Ermekbaev, Iliyas"]
[Black "Derksen, Vadim"]
[Result "0-1"]
[WhiteElo "1621"]
[BlackElo "1735"]
[WhiteTeam "Chess Empire"]
[BlackTeam "Chessacademy_pvl"]
[WhiteFideId "13784420"]
[BlackFideId "13737244"]
[EventDate "2024.08.02"]

1. e4 c5 2. Nf3 Nc6 3. d4 cxd4 4. Nxd4 Nf6 5. Nc3 e5 6. Ndb5 d6 7. Bg5 a6 8. Na3
b5 9. Bxf6 gxf6 10. Nd5 f5 11. Bd3 Be6 12. O-O Bg7 13. Qh5 f4 14. c4 b4 15. Nc2
a5 16. Kh1 Bxd5 17. exd5 Ne7 18. Rad1 Ng6 19. g3 Qf6 20. Be4 Rc8 21. b3 O-O 22.
Ne1 fxg3 23. hxg3 h6 24. Nf3 a4 25. Rg1 axb3 26. axb3 Ra8 27. Nh4 Nxh4 28. gxh4
Ra2 29. f3 Qf4 30. Rg2 Rxg2 31. Kxg2 Ra8 32. Rf1 Ra2+ 33. Rf2 Ra1 34. Qg4 Qc1
35. Qc8+ Bf8 36. Qg4+ Kh8 37. Qf5 Qh1+ 38. Kg3 Rg1+ 0-1

[Event "FIDE World Rapid Team"]
[Site "Almaty KAZ"]
[Date "2024.08.02"]
[Round "4.34"]
[White "Ivlev, Andrey"]
[Black "Sartbayev, Askar"]
[Result "1/2-1/2"]
[WhiteElo "1578"]
[BlackElo "1702"]
[WhiteTeam "Chessacademy_pvl"]
[BlackTeam "Chess Empire"]
[WhiteFideId "13747991"]
[BlackFideId "13751190"]
[EventDate "2024.08.02"]

1. e4 c5 2. Nf3 d6 3. b3 Nf6 4. d3 e6 5. Bb2 Be7 6. g3 Nc6 7. Bg2 O-O 8. O-O Qc7
9. Nbd2 d5 10. exd5 exd5 11. d4 Bf5 12. dxc5 Bxc5 13. a3 Be7 14. Re1 Ne4 15. c4
Bc5 16. Re2 Nxd2 1/2-1/2

[Event "FIDE World Rapid Team"]
[Site "Almaty KAZ"]
[Date "2024.08.02"]
[Round "4.35"]
[White "Adilbekuly, Altair"]
[Black "Sembay, Aisana"]
[Result "1-0"]
[WhiteElo "1694"]
[BlackElo "1527"]
[WhiteTeam "Chess Empire"]
[BlackTeam "Chessacademy_pvl"]
[WhiteFideId "13763130"]
[BlackFideId "13791281"]
[EventDate "2024.08.02"]

1. e4 c5 2. Nf3 d6 3. d4 cxd4 4. Nxd4 Nf6 5. Nc3 g6 6. Be3 Bg7 7. f3 O-O 8. Bc4
Nc6 9. Qd2 Bd7 10. O-O-O Rc8 11. Bb3 Ne5 12. h4 Nc4 13. Bxc4 Rxc4 14. Kb1 a6 15.
h5 Nxh5 16. g4 Nf6 17. Nd5 Nxd5 18. exd5 f6 19. Bh6 g5 20. Qd3 1-0

[Event "FIDE World Rapid Team"]
[Site "Almaty KAZ"]
[Date "2024.08.02"]
[Round "4.37"]
[White "Tuleyeva-Aketayeva, Dana"]
[Black "Saduakassov, Duman"]
[Result "1/2-1/2"]
[WhiteTitle "WIM"]
[WhiteElo "2130"]
[BlackElo "1842"]
[WhiteTeam "Abai Chess Team"]
[BlackTeam "Abai's Gambit Pioneers"]
[WhiteFideId "13701932"]
[BlackFideId "13721895"]
[EventDate "2024.08.02"]

1. Nf3 d5 2. c4 c6 3. b3 Nf6 4. Bb2 g6 5. e3 Bg7 6. Be2 O-O 7. O-O Nbd7 8. d4
Ne4 9. Nfd2 Nxd2 10. Qxd2 Nf6 11. f3 Re8 12. Nc3 h5 13. h3 Bh6 14. Qd3 h4 15.
cxd5 cxd5 16. e4 Nh5 17. Nxd5 Be6 18. Qb5 Ng3 19. Rfe1 a6 20. Qxb7 Bxd5 21. Qxd5
Qxd5 22. exd5 Be3+ 23. Kh2 Bf2 24. Bc4 Bxe1 25. Rxe1 Rad8 26. Bxa6 Rxd5 27. Bc4
Ra5 28. a4 Nf5 29. Bc3 Raa8 30. a5 Nd6 31. Bd5 Ra7 32. b4 Rc8 33. Bd2 Rc2 34.
Bg5 e6 35. Be4 Rb2 36. Bxh4 Rxb4 37. d5 exd5 38. Bf2 Rxa5 39. Bd3 Ra3 40. Bc5
Rxd3 41. Bxb4 Nc4 42. Kg3 f5 43. Re7 Rb3 44. Bc5 g5 45. h4 gxh4+ 46. Kxh4 Rb2
47. g3 Nd2 48. Kg5 Nxf3+ 49. Kg6 Rb8 50. Kxf5 Rf8+ 51. Ke6 d4 52. Rd7 Re8+ 53.
Kf6 d3 54. Rxd3 Ne5 55. Rd5 Ng4+ 56. Kg6 Ne5+ 57. Kf5 Nf7 58. g4 Nh6+ 59. Kg5
Nf7+ 60. Kh5 Re5+ 61. Rxe5 Nxe5 62. g5 Kf7 63. Bd4 Ng6 64. Bf6 Nf8 65. Kh6 Ng6 1/2-1/2

[Event "FIDE World Rapid Team"]
[Site "Almaty KAZ"]
[Date "2024.08.02"]
[Round "4.38"]
[White "Serikgali Daulet"]
[Black "Akylbek, Zhaksylyk"]
[Result "1/2-1/2"]
[WhiteElo "1571"]
[BlackElo "1662"]
[WhiteTeam "Abai's Gambit Pioneers"]
[BlackTeam "Abai Chess Team"]
[WhiteFideId "13780468"]
[BlackFideId "13725980"]
[EventDate "2024.08.02"]

1. e4 c6 2. Nf3 d5 3. Nc3 e6 4. d4 Nf6 5. e5 Nfd7 6. Bd3 c5 7. O-O Nc6 8. Bb5
cxd4 9. Nxd4 Nxd4 10. Qxd4 Qc7 11. Re1 a6 12. Bxd7+ Bxd7 13. Be3 Rc8 14. Rad1 b5
15. a3 Qc4 16. Qb6 Qc6 17. Qxc6 Rxc6 18. Bd4 Be7 19. Rd2 O-O 20. Na2 a5 21. c3
Rb8 22. h3 Bc8 23. b4 axb4 24. Nxb4 Bxb4 25. axb4 Ra8 26. Kh2 Ra3 27. Ree2 h5
28. Ra2 Rca6 29. Rxa3 Rxa3 30. Kg3 1/2-1/2

[Event "FIDE World Rapid Team"]
[Site "Almaty KAZ"]
[Date "2024.08.02"]
[Round "4.39"]
[White "Abuzyarov, Arlan"]
[Black "Almazuly, Azamat"]
[Result "1-0"]
[WhiteElo "1851"]
[BlackElo "1720"]
[WhiteTeam "Abai Chess Team"]
[BlackTeam "Abai's Gambit Pioneers"]
[WhiteFideId "13726820"]
[BlackFideId "447002646"]
[EventDate "2024.08.02"]

1. d4 d5 2. Bf4 c5 3. Nc3 Nc6 4. e3 Bf5 5. Nf3 e6 6. Bd3 Bg6 7. h4 Nf6 8. Ne5
cxd4 9. exd4 Qb6 10. Nb5 Rc8 11. O-O Bxd3 12. Qxd3 Nb4 13. Qb3 a6 14. Nc3 Qxd4
15. Ne2 Qe4 16. Rfe1 b5 17. f3 Qxc2 18. Qa3 Bc5+ 19. Kh1 Qa4 20. Rec1 O-O 21.
Qxa4 bxa4 22. a3 Nh5 23. axb4 Nxf4 24. Nxf4 Bxb4 25. Nc6 Bd6 26. Nd3 a3 27. bxa3
Rc7 28. Rc2 Rfc8 29. Rac1 Kf8 30. Ncb4 Rc4 31. Rxc4 dxc4 32. Nxa6 1-0

[Event "FIDE World Rapid Team"]
[Site "Almaty KAZ"]
[Date "2024.08.02"]
[Round "4.40"]
[White "Kalikhan, Abilmansur"]
[Black "Matymov, Madi"]
[Result "0-1"]
[WhiteElo "1670"]
[BlackElo "1824"]
[WhiteTeam "Abai's Gambit Pioneers"]
[BlackTeam "Abai Chess Team"]
[WhiteFideId "447010908"]
[BlackFideId "13721283"]
[EventDate "2024.08.02"]

1. f4 c5 2. Nf3 Nc6 3. e3 d5 4. Bb5 Bd7 5. Bxc6 Bxc6 6. O-O Nf6 7. d4 e6 8. b3
Qc7 9. Bb2 Ne4 10. Nbd2 Nxd2 11. Qxd2 Bb5 12. Rfe1 c4 13. a4 Ba6 14. b4 Rc8 15.
c3 b5 16. axb5 Bxb5 17. e4 dxe4 18. Rxe4 Be7 19. Rae1 O-O 20. Qe2 Bc6 21. Re5
Bd5 22. Rxd5 exd5 23. Qxe7 Qxf4 24. Bc1 Qb8 25. Qh4 f6 26. Qg4 Rce8 27. Bf4
Rxe1+ 28. Nxe1 Qe8 29. Nf3 Qe4 30. h4 h5 31. Qg3 Re8 32. Kh2 Qf5 33. Bh6 Qg4 34.
Qd6 Re2 35. Qxd5+ Kh7 36. Ng1 Qxh4+ 37. Nh3 Kxh6 38. Qxc4 Qe4 39. Qxe2 Qxe2 40.
Nf4 Qg4 41. Nd5 Kg5 42. Kg1 h4 43. Kf2 Qf5+ 0-1